Score 0/29 Timer 03:00
0 Plays Today
Hint 4-Letter Word % Correct
Company that produces PlayStationSONY
93.1%
A lion has oneMANE
92.9%
What a golfer yellsFORE
92.8%
Ulna or femur, e.g.BONE
92.5%
Truth or _____DARE
92.4%
M&S song: 'Whispers in the ____'; lack of light*DARK*
91.5%
Quality of a person's voiceTONE
91.2%
Handy tool used for diningFORK
91%
Male offspringSONS
90.7%
'Star Wars Episode III: Revenge of the _____'SITH
90.3%
LabyrinthMAZE
90.3%
Danza, Hawk, or Soprano, e.g.TONY
90.1%
Poison or harm; a Batman villainBANE
89.8%
Web destination SITE
89.8%
Rocky shelterCAVE
89.6%
Hint 4-Letter Word % Correct
Dweeb or nerdDORK
89.4%
M&S song: 'I _____ You All'; opposite of received*GAVE*
89.3%
Feel concern or interestCARE
88.8%
To look steadily and intentlyGAZE
88.4%
Thin sheet of aluminumFOIL
88%
Tiny bugMITE
86.7%
M&S song: 'Awake My _____'; essence of a person*SOUL*
86.1%
French delicacy, _____ grasFOIE
84.7%
Offensive to the sensesFOUL
84.1%
Mumford & Sons genre*FOLK*
82.3%
'Under', in FrenchSOUS
80%
M&S album: '(rung 1) No (rung 6)'*MORE*
78.5%
Stretch of swampy or boggy groundMIRE
75.4%
M&S album: '(rung 1) No (rung 6)'*SIGH*
40.3%

Today's Daily Dose

Remove Ads.
Support Sporcle.
Get the best of Sporcle when you Go Orange. This ad-free experience offers more features, more stats, and more fun while also helping to support Sporcle. Thank you for becoming a member.

You're not logged in!

Compare scores with friends on all Sporcle quizzes.
OR
Log In

Show Comments

Extras

Top Quizzes Today


Score Distribution

Your Account Isn't Verified!

In order to create a playlist on Sporcle, you need to verify the email address you used during registration. Go to your Sporcle Settings to finish the process.

Report this User

Report this user for behavior that violates our Community Guidelines.

Details: